000 00613nam a2200253Ia 4500
003 OSt
005 20221006142355.0
006 a|||||r|||| 00| 0
007 ta
008 221006b |||||||| |||| 00| 0 eng d
020 _c
_8.95
024 _a6,213
037 _cTextual
040 _aEASL
_cEASL
_beng
041 _2eng
_aeng
082 _aO42,2, L4
100 _aQAMBER Akhtar
245 0 _aYeats and the noh
260 _aTokyo
_bWeatherhill Japan
_c1974
300 _a162p.
_ccm.
490 _v JEL
942 _hO42,2, L4
_cTEXL
_2CC
999 _c1074299
_d1074299